| 000 | 00775nam a22002297a 4500 | ||
|---|---|---|---|
| 005 | 20170526124605.0 | ||
| 008 | 170526b mx ||||| |||| 00| 0 spa d | ||
| 020 | _a9685958173 | ||
| 050 | 0 | 4 |
_aF1210 _bB37 2005 |
| 100 | 1 |
_aBartra, Roger, _d[1942- ] _qBartra, Roger |
|
| 245 | 1 | 3 |
_aLa Jaula de la melancolía : _bidentidad y metamorfosis del mexicano _cRoger Bartra |
| 250 | _a1a ed. | ||
| 260 |
_aMexico : _bDebolsillo, _c2005 |
||
| 300 |
_a301 p. : _bil. ; _c19 cm. |
||
| 490 | 0 | _aEnsayo. Filosofia | |
| 504 | _aBibliografia: p. 275-301 | ||
| 504 | _aíndice | ||
| 650 | 7 |
_2LEMB _bNacionalismo _zMéxico _xHistoria _vSiglo XX |
|
| 651 | 7 |
_2LEMB _aMéxico _xCondiciones sociales _y1970 |
|
| 651 | 7 |
_2LEMB _aMéxico _xPolitica y gobierno _ySiglo XX |
|
| 942 |
_2lcc _cLIB |
||
| 999 |
_c36407 _d36407 |
||